UNESCO world eritage sites in France - Statistics

General Stats
  • This quiz has been taken 46 times
  • The average score is 16 of 49
Answer Stats
Hint Answer % Correct
Nouvelle-Aquitaine Bordeaux, Port of the Moon
76%
Île-de-France Palace and Park of Versailles
76%
Île-de-France Paris, Banks of the Seine
76%
Grand Est Cathedral of Notre-Dame, Former Abbey of Saint-Remi, and Palace of Tau, Reims
71%
Grand Est Strasbourg–From the Grande Île to the Neustadt
71%
Provence-Alpes-Côte d'Azur Nice, Winter Resort Town of the Riviera
65%
Provence-Alpes-Côte d'Azur Arles, Roman and Romanesque Monuments
59%
Auvergne-Rhône-Alpes Historic site of Lyon
59%
Normandy Mont Saint-Michel and its Bay
59%
Hauts-de-France Amiens Cathedral
47%
Centre-Val de Loire Chartres Cathedral
47%
Normandy Le Havre, the City Rebuilt by Auguste Perret
47%
Occitanie Episcopal City of Albi
41%
Provence-Alpes-Côte d'Azur Historical centre of Avignon: Papal Palace, Episcopal Ensemble and Avignon Bridge
41%
Occitanie Historic Fortified City of Carcassonne
41%
Provence-Alpes-Côte d'Azur Roman Theatre and its Surroundings and the "Triumphal Arch" of Orange
41%
Centre-Val de Loire, Pays de la Loire The Loire Valley between Sully-sur-Loire and Chalonnes
41%
Many Regions (18 European countries) Ancient and Primeval Beech Forests of the Carpathians and Other Regions of Europe
35%
Hauts-de-France (Belgium, France) Belfries of Belgium and France
35%
Many Regions Fortifications of Vauban
35%
Grand Est Place Stanislas, Place de la Carrière, and Place d'Alliance in Nancy
35%
Centre-Val de Loire Bourges Cathedral
29%
Nouvelle-Aquitaine Jurisdiction of Saint-Émilion
29%
Occitanie Canal du Midi
24%
Auvergne-Rhône-Alpes (Austria, Belgium, Czech Republic, France, Germany, Italy, United Kingdom) Great Spa Towns of Europe
24%
New Caledonia Lagoons of New Caledonia: Reef Diversity and Associated Ecosystems
24%
Île-de-France Palace and Park of Fontainebleau
24%
Bourgogne-Franche-Comté, Auvergne-Rhône-Alpes (Austria, France, Germany, Italy, Slovenia and Switzerland) Prehistoric pile dwellings around the Alps
24%
Occitanie Pyrénées – Mont Perdu
24%
Nouvelle-Aquitaine, Bourgogne-Franche-Comté, Île-de-France, Grand Est, Provence-Alpes-Côte d'Azur, Auvergne-Rhône-Alpes The Architectural Work of Le Corbusier, an Outstanding Contribution to the Modern Movement
24%
Occitanie The Causses and the Cévennes, Mediterranean agro-pastoral Cultural Landscape
24%
Réunion The Pitons, Cirques and Remparts of Réunion Island
24%
Bourgogne-Franche-Comté Vézelay, Church and Hill
24%
Nouvelle-Aquitaine Cordouan Lighthouse
18%
Bourgogne-Franche-Comté From the Great Saltworks of Salins-les-Bains to the Royal Saltworks of Arc-et-Senans, the Production of Open-pan Salt
18%
Corsica Gulf of Porto: Calanche of Piana, Gulf of Girolata, Scandola Reserve
18%
Occitanie Pont du Gard (Roman Aqueduct)
18%
Nouvelle-Aquitaine Abbey Church of Saint-Savin-sur-Gartempe
12%
Auvergne-Rhône-Alpes Chaine des Puys – Limagne fault tectonic arena
12%
Bourgogne-Franche-Comté Cistercian Abbey of Fontenay
12%
Auvergne-Rhône-Alpes Decorated Cave of Pont d’Arc, known as Grotte Chauvet-Pont d’Arc, Ardèche
12%
Île-de-France Provins, Town of Medieval Fairs
12%
French Southern and Antarctic Lands French Austral Lands and Seas
6%
Hauts-de-France Nord-Pas de Calais Mining Basin
6%
Many Regions Routes of Santiago de Compostela in France
6%
French Polynesia Taputapuātea
6%
Bourgogne-Franche-Comté The Climats, terroirs of Burgundy
6%
Grand Est Champagne Hillsides, Houses and Cellars
0%
Nouvelle-Aquitaine Prehistoric Sites and Decorated Caves of the Vézère Valley
0%
No matching quizzes found
Score Distribution
Percent of People with Each Score
Percentile by Number Answered
Your Score History
You have not taken this quiz